000 00358nam a2200133Ia 4500
008 240624s9999 xx 000 0 und d
041 _aeng
082 _a658.306 ARM
100 _aARMSTRONG MICHAEL
245 _aJOB EVALUATION HANDBOOK DEVELOPING PRACT
260 _c2004
_aMumbai
_bJaico Publishing House
300 _axii, : 404 : p. : cm. ; 24
365 _cRS
999 _c733
_d733